Statistics for 100 Most Popular Roblox Games

Click here to take the quiz!

General Stats

  • This quiz has been taken 190 times
    (158 since last reset)
  • The average score is 20 of 100

Answer Stats

#VisitsAnswerCreator% Correct
129.5BAdopt Me!DreamCraft
94%
221.7BBrookhavenWolfpaq
71%
414.2BMeepCityalexnewtron
68%
68.64BMurder Mystery 2Nikilis
68%
621.10BPet Simulator!BIG Games Simulators
68%
510.8BPiggyMiniToon
68%
105.96BJailbreakBadimo
67%
96.46BWelcome to BloxburgCoeptus
66%
144.22BArsenalROLVe Community
55%
318.8BTower of HellYXCeptional Studios
53%
87.25BBlox FruitsGamer Robot
51%
78.01BRoyale Highcallmehbob
51%
153.95BWork at a Pizza PlaceDued1
51%
222.09BNatural Disaster SurvivalStickmasterluke
50%
114.98BPet Simulator X!BIG Games Simulators
44%
361.611BDa HoodDa Hood Entertainment
40%
551.22BRobloxian High SchoolRobloxian High School Group
40%
134.44BBedWarsEasy.gg
39%
241.99BBee Swarm SimulatorOnett
38%
351.613BBreak InCracky4
34%
511.26BBIG Paintball!BIG Games™
33%
202.28BMad CitySchwifty Studios
32%
271.87BEpic MinigamesTypicalType
31%
173.230BFlee the FacilityA.W. Apps
31%
232.07BHide and Seek ExtremeTim7775
31%
311.76BFashion FamousFashion Famous
29%
182.64BBuild A Boat For TreasureChillz Studios
28%
212.11BPrison LifeAesthetical
27%
251.94BSuper Hero TycoonSuper Heroes™
23%
541.24BSpeed Run 4Vurse
22%
431.34BPhantom ForcesStyLiS Studios
20%
411.38BSharkBiteAbracadabra
19%
631.08BBreaking PointParadox
18%
71933MTheme Park Tycoon 2Den_S
18%
571.215BBubble Gum SimulatorRumble Studios.
17%
73830MDoomspire BrickbattleTemple of Brickbattle
17%
451.32BSurvive the Killer!Slyce Entertainment
17%
261.92BTower Defense SimulatorParadoxum Games
17%
291.852BIslandsEasy.gg
16%
70941MLumber Tycoon 2Defaultio
16%
84780MRestaurant Tycoon 2Ultraw
16%
461.319BSpiderRoyStanford
15%
421.37BZombie Attackwenlocktoad vs indra
14%
69957MCounter BloxROLVe Community
13%
371.60BRagdoll Enginemr_beanguy
13%
95683MWacky WizardsWhacky Wizards
13%
651.05B3008daveburger0
12%
76800MCar Crushers 2Car crusher official group
12%
192.38BLivetopiaCentury Makers
12%
77799MMining SimulatorRumble Studios.
12%
341.616BNinja LegendsScriptbloxian Studios
12%
75820MBroken Bones IVZaquille
11%
91718.6MGrannyGabStudio
11%
521.259BLegends Of SpeedScriptbloxian Studios
11%
80791MSKYWARS16bitplay Games
11%
381.48BThe Floor is LAVA!TheLegendOfPyro
11%
124.45BAll Star Tower DefenseTop Down Games
10%
331.66BDungeon Quest!vCaffy
10%
601.12BMega Fun ObbyBloxtun
10%
87749MAssassin!prisman
9%
78798.1MEasy Obbyzknx
9%
581.14BKittyGabStudio
9%
391.43BMega Easy ObbyAuthentic Creations
9%
661.04BMuscle LegendsScriptbloxian Studios
9%
441.33BAnime Fighting SimulatorBlockZone
8%
88746MBakonPink Beard Games
8%
85768MLoomian LegacyLlama Train Studio
8%
671.00BWeight Lifting Simulator 3Flamin' Studios™
8%
99665MClone Tycoon 2Ultraw
7%
301.79BClub RobloxBlock Evolution Studios
7%
471.317BColor Block11aganfy
7%
98667MField Trip ZSplitting Point Studios
7%
591.13BFREE ADMINCreator_Studio
7%
401.41BFunky FridayLyte Interactive
7%
481.312BGacha OnlineSnowdustDev
7%
321.68BKing LegacyThai Piece
7%
92718.4MParkour!DevelopeTycoon
7%
491.30BSurvive and Kill the Killers in Area 51 !!!homermafia1
7%
97668MZombie RushBeacon Studio
7%
531.257BLucky Block Battlegroundssilky_dev
6%
86756MStrongman SimulatorThe Gang Stockholm
6%
163.231BTower of MiseryLimitless Studio
6%
281.858BShindo LifeRELL World
5%
72908MSquid GameTrendsetter Games
5%
561.216BYour Bizarre AdventureBizarre Studios®
5%
81789MAnimal Simulatorragnar9878
4%
641.06BCar Dealership TycoonFoxzie's Productions
4%
74827MEscape Running Headmanato48
4%
90719MFamily ParadisePartyblox
4%
611.11BKnife Ability TestFierzaa
4%
83782MRoCitizensFirebrand1
4%
79798MRo-GhoulSushiWalrus
4%
501.27BTwilight DaycareNighty Studio
4%
68982MAnime Fighters SimulatorSulley
3%
89720MDragon Ball RageiDracius
3%
96670MEscape The Dungeon Obby!PlatinumFalls
2%
82784MTower of FunWavelength
2%
93713MEscape The Castle Fortress! ObbyPlatinumFalls
1%
94693MTTD 3Emotes CO.
1%
100655MUltimate Tower DefenseStrawberry Peels
1%

Score Distribution

Percentile by Number Answered

Percent of People with Each Score

Your Score History

You have not taken this quiz since the last reset